New Central American frogs of the genus Hypopachus, (Record no. 18542)

MARC details
000 -LEADER
fixed length control field 00870cam a22002651 4500
001 - CONTROL NUMBER
control field cd 40000032
003 - CONTROL NUMBER IDENTIFIER
control field DLC
005 - DATE AND TIME OF LATEST TRANSACTION
control field 20260227111147.0
008 - FIXED-LENGTH DATA ELEMENTS--GENERAL INFORMATION
fixed length control field 750324s1939 xx 000 0 eng
010 ## - LIBRARY OF CONGRESS CONTROL NUMBER
LC control number cd 40000032
035 ## - SYSTEM CONTROL NUMBER
System control number (OCoLC)1234653
040 ## - CATALOGING SOURCE
Original cataloging agency DLC
Transcribing agency MeB
Modifying agency DLC
042 ## - AUTHENTICATION CODE
Authentication code premarc
050 00 - LIBRARY OF CONGRESS CALL NUMBER
Classification number QL668.E2
Item number S33
100 1# - MAIN ENTRY--PERSONAL NAME
Personal name Schmidt, Karl Patterson,
Dates associated with a name 1890-1957.
245 10 - TITLE STATEMENT
Title New Central American frogs of the genus Hypopachus,
Statement of responsibility, etc. by Karl P. Schmidt.
260 ## - PUBLICATION, DISTRIBUTION, ETC.
Place of publication, distribution, etc. Chicago,
Date of publication, distribution, etc. 1939.
300 ## - PHYSICAL DESCRIPTION
Extent 5 p.
Other physical details illus.
Dimensions 24 cm.
490 1# - SERIES STATEMENT
Series statement [Field Museum of Natural History. Publication]
Volume/sequential designation no. 435
490 1# - SERIES STATEMENT
Series statement Zoological series of Field Museum of Natural History,
Volume/sequential designation v. 24, no. 1
500 ## - GENERAL NOTE
General note Caption title.
650 #0 - SUBJECT ADDED ENTRY--TOPICAL TERM
Topical term or geographic name entry element Hypopachus
810 2# - SERIES ADDED ENTRY--CORPORATE NAME
Corporate name or jurisdiction name as entry element Chicago Natural History Museum.
Title of a work Publications ;
Volume/sequential designation 435.
830 #0 - SERIES ADDED ENTRY--UNIFORM TITLE
Uniform title Fieldiana: zoology ;
Volume/sequential designation v. 24, no. 1.

No items available.

Powered by Koha